| 000 | 00582nam a2200205Ia 4500 | ||
|---|---|---|---|
| 005 | 20250923145416.0 | ||
| 008 | 008 250917s9999 xx 000 0 eng d | ||
| 037 | _aTextual | ||
| 040 |
_aDSWL _beng _cDSWL |
||
| 041 |
_aeng _2eng |
||
| 084 |
_aT20ax:95.6, N74 _qDSWL |
||
| 100 |
_aRensburg, P.V. _9834999 |
||
| 245 | 0 |
_aReport from swaneng Hill _c by P.V. Rensburg |
|
| 260 |
_aStocaholm _bAlmqvist & Wiksell _c1974 |
||
| 300 | _a235 p. | ||
| 365 |
_aINR _b20 . 0 |
||
| 925 | _g20 . 0 | ||
| 942 |
_cTEXL _hT20ax:95.6, N74 |
||
| 999 |
_c1451000 _d1451000 |
||